00797nam a22002417a 450000500170000001000150001702000260003202000230005803500130008103500170009403500170011103700130012803700170014108200120015810000190017024501660018926000390035527000400039430000220043450000500045665000290050670000200053520180226142113.0 aENG-107513 a9788122202281c240.00 a8122202281c240.00 aEN-91046 aB-528567-575 aB-667667(AV) bDBAD/PUB bKKP/Venadpl a616.857 aKandel, Joseph aOvercoming migraines and other headaches :cby Joseph Kandel [and] David Sudderthba complete and positive guide to medical solutions and alternative therapies / aNew DelhibOrient Paperbacksc2008 a5A/8 Ansari RoadbNew Delhie110002 a215p. c22cm(pbk) aIncludes bibliographical references and index a MigrainevPopular works aSudderth, David